Thinkwell's college algebra

A digital textbook that communicates the fundamentals of college algebra using interactive multimedia. Some of the features available for the student: a series of multimedia video lectures that are adaptable to any course syllabus, interactive exercises with feedback, review materials, real-life app...

Celý popis

Uloženo v:
Podrobná bibliografie
Hlavní autor: Burger, Edward
Médium: Kniha
Jazyk:Undetermined
Vydáno: [Austin, Tex.] Thinkwell 200-
Témata:
Tagy: Přidat tag
Žádné tagy, Buďte první, kdo otaguje tento záznam!
Thư viện lưu trữ: Trung tâm Học liệu Trường Đại học Cần Thơ
LEADER 00950nam a2200217Ia 4500
001 CTU_102437
008 210402s9999 xx 000 0 und d
020 |c 23.99 
082 |a 512.9 
082 |b B954/Dis.3 
100 |a Burger, Edward 
245 0 |a Thinkwell's college algebra 
245 0 |c Edward Burger 
260 |a [Austin, Tex.] 
260 |b Thinkwell 
260 |c 200- 
520 |a A digital textbook that communicates the fundamentals of college algebra using interactive multimedia. Some of the features available for the student: a series of multimedia video lectures that are adaptable to any course syllabus, interactive exercises with feedback, review materials, real-life applications, a student help center and free technical support 
650 |a Algebra,Algebra 
650 |x Problems, exercises, etc.,Computer-assisted instruction. 
904 |i M.Loan, H.Mai 
980 |a Trung tâm Học liệu Trường Đại học Cần Thơ